000 00343nam a2200133Ia 4500
005 20260328104317.0
008 260328s9999||||xx |||||||||||||| ||und||
100 _aCoates, Kathryn
245 3 _aAn Introduction to inFormation Design /
_cKathryn Coates
260 _bLaurence King
300 _a208 p.
650 _aDISEÑADORES
942 _cBK
999 _c11215
_d11215